Istituzioni di geometria superiore

Saved in:
Bibliografiske detaljer
Hovedforfatter: Segre, Beniamino (Author)
Format: Bog
Sprog:italiensk
Udgivet: Roma Universiti Degli Studi-Roma 1968
Fag:
Tags: Tilføj Tag
Ingen Tags, Vær først til at tagge denne postø!

MARC

LEADER 00000nam a2200000 a 4500
001 UCI1307
003 CL-VaPUC
008 070629e19680000IT |||||||||||||||||ita|d
082 0 4 |a 516  |b SEG  |2 21 
100 0 |a Segre, Beniamino  |e author  |9 521739 
245 1 0 |a Istituzioni di geometria superiore 
300 |a v 
942 |c BK 
945 |d 20070629 00:00:00  |a rbrito 
260 |a Roma  |b Universiti Degli Studi-Roma  |c 1968 
500 |a v.1: Spazi lineari 
500 |a v.2: Elementi di geometria algebrica 
650 0 |a Geometría   |9 264063 
650 7 |a ESPACIOS LINEALES  |2 CL-VaPUC  |9 422403 
650 0 |a Geometría algebraica  |9 270327 
650 0 |a Espacios vectoriales   |9 21 
650 0 |a Polinomio  |9 417637 
583 |a last modification  |c 20070629 00:00:00  |k Rodrigo Vera 
999 |c 326139  |d 326137 
952 |0 0  |1 0  |4 0  |6 516_000000000000000_SEG_1968  |7 0  |8 A  |9 407875  |a BIBMAT  |b BIBMAT  |d 2019-11-22  |h v.1  |i 4207602  |o 516 SEG 1968  |p 4207602  |r 2025-01-07  |w 2019-11-22  |y BK  |k MAT 
952 |0 0  |1 0  |4 0  |6 516_000000000000000_SEG_1968  |7 0  |8 A  |9 407876  |a BIBMAT  |b BIBMAT  |d 2019-11-22  |h v.2  |i 4207610  |o 516 SEG 1968  |p 4207610  |r 2025-01-07  |w 2019-11-22  |y BK  |k MAT